000
00321nam a2200133Ia 4500
008
190216s9999||||xx |||||||||||||| ||und||
100
_a
Chatwal G R
245
0
_a
Bioinorganic Chemistry
250
_a
2nd Ed.
260
_b
Himalaya Publishing House
_c
1998
300
_a
272p
650
_a
Chemistry-Chemistry
942
_c
BK
999
_c
3024
_d
3024